[Event "AUTO-ADV-618"]
[Site "http://www.queenalice.com/game.php?id=259752"]
[Date "2007.8.22"]
[Round "1"]
[White "Manolho"]
[Black "jlgonzalvez"]
[Result "0-1"]
[WhiteElo "1993"]
[BlackElo "2218"]

1. d4 Nf6 2. Nf3 g6 3. Nc3 Bg7 4. e4 d6 5. h3 O-O 6. Be3 a6 7. Qd2 b5 8. Bd3 Bb7
9. e5 Nd5 10. Bh6 dxe5 11. Bxg7 Kxg7 12. Be4 b4 13. Nxd5 Bxd5 14. Bxd5 Qxd5 15.
dxe5 Qxd2+ 16. Kxd2 Rd8+ 17. Ke3 Nd7 18. Rhd1 Nb6 19. Ke2 Rxd1 20. Rxd1 a5 21.
Rd3 h6 22. Nd2 f5 23. f4 Kf7 24. Kf3 c5 25. g4 Ke6 26. Nb3 Na4 27. c4 fxg4+ 28.
hxg4 Nxb2 29. Rd5 Na4 30. Nxc5+ Nxc5 31. Rxc5 a4 32. Rc6+ Kf7 33. Rb6 b3 34. a3
Rc8 35. Rb4 Ke6 36. Rb6+ Kd7 37. Rb4 e6 38. f5 exf5 39. gxf5 gxf5 40. Kf4 h5 41.
Kxf5 Rf8+ 42. Kg5 Ke6 43. c5 Kxe5 44. c6 Rg8+ 45. Kxh5 Kd6 46. c7 Kxc7 47. Rxa4
Rb8 48. Rc4+ Kd6 49. Rc1 Ke5 50. a4 b2 51. Rb1 Kd4 0-1

[Event "AUTO-ADV-663"]
[Site "http://www.queenalice.com/game.php?id=278279"]
[Date "2007.9.28"]
[Round "1"]
[White "Toru"]
[Black "Manolho"]
[Result "0-1"]
[WhiteElo "1824"]
[BlackElo "1931"]

1. d4 Nf6 2. c4 g6 3. g3 Bg7 4. Bg2 d6 5. Nc3 c6 6. Bg5 h6 7. Bxf6 Bxf6 8. Nf3
Qb6 9. Qd2 Bg4 10. e3 Nd7 11. h3 Be6 12. d5 cxd5 13. cxd5 Bf5 14. O-O Nc5 15.
Nd4 Bd7 16. Rab1 O-O 17. b4 Na6 18. Nce2 Rac8 19. a3 Rfe8 20. Rbc1 Nc7 21. Rfd1
Nb5 22. Nxb5 Qxb5 23. Nd4 Qb6 24. Ne2 h5 25. h4 Qa6 26. Qd3 Bb5 27. Rxc8 Rxc8
0-1

[Event "AUTO-ADV-663"]
[Site "http://www.queenalice.com/game.php?id=278280"]
[Date "2007.9.28"]
[Round "1"]
[White "Manolho"]
[Black "Toru"]
[Result "1-0"]
[WhiteElo "1962"]
[BlackElo "1781"]

1. d4 d5 2. Nf3 Nf6 3. e3 Bg4 4. c4 e6 5. Nbd2 Bxf3 6. Nxf3 c6 7. Qb3 Qc7 8.
cxd5 exd5 9. Bd3 Bd6 10. h3 O-O 11. Bd2 Nbd7 12. Bb4 Ne4 13. Bxd6 Nxd6 14. O-O
Ne4 15. Rac1 f5 16. Qxd5+ cxd5 17. Rxc7 Ndf6 18. Rxb7 Rfb8 19. Rxb8+ Rxb8 20. b3
Rc8 21. Ne5 g6 22. g4 Nd2 23. Rd1 Nde4 24. gxf5 gxf5 25. f3 Nc3 26. Rd2 Nb1 27.
Rg2+ Kf8 28. Bxf5 Rc1+ 29. Kf2 Nc3 30. Kg3 Re1 31. Rc2 Rxe3 32. Kf4 Nd1 33. Rc8+
Kg7 34. Rc7+ Kh6 35. Ng4+ Nxg4 36. Rxh7# 1-0

[Event "AUTO-ADV-663"]
[Site "http://www.queenalice.com/game.php?id=278291"]
[Date "2007.9.28"]
[Round "1"]
[White "alvarogoulart"]
[Black "Manolho"]
[Result "0-1"]
[WhiteElo "1773"]
[BlackElo "1943"]

1. e4 d6 2. d4 Nf6 3. Nc3 g6 4. Bg5 Bg7 5. Nf3 c6 6. Bd3 Bg4 7. h3 Bxf3 8. Qxf3
Qb6 9. O-O Qxd4 10. Be3 Qb4 11. Rab1 Qa5 12. Bd2 Qc7 13. a3 Nbd7 14. Rbe1 Ne5
15. Qe3 b5 16. Ne2 O-O 17. Bc3 Nxd3 18. cxd3 c5 19. Ng3 a5 20. d4 b4 21. axb4
axb4 22. Bd2 Nd7 23. dxc5 dxc5 24. b3 Ra3 25. Rb1 Rd8 26. Rfc1 Qd6 27. Ne2 Ne5
28. Rxc5 Qxd2 29. Qxd2 Rxd2 30. Nf4 Raa2 31. f3 Nxf3+ 32. Kh1 Bh6 33. gxf3 Bxf4
34. e5 Rh2+ 35. Kg1 Be3+ 36. Kf1 Rh1# 0-1

[Event "AUTO-ADV-663"]
[Site "http://www.queenalice.com/game.php?id=278292"]
[Date "2007.9.28"]
[Round "1"]
[White "Manolho"]
[Black "alvarogoulart"]
[Result "1-0"]
[WhiteElo "1952"]
[BlackElo "1764"]

1. d4 d5 2. Nf3 Bg4 3. e3 e6 4. c4 Nf6 5. Nbd2 Bb4 6. Qa4+ Nc6 7. Ne5 O-O 8.
Nxc6 Bxd2+ 9. Bxd2 bxc6 10. Qxc6 Bf5 11. cxd5 Nxd5 12. Qc4 Rb8 13. b3 Nb6 14.
Qc3 Be4 15. Rc1 Nd5 16. Qb2 Qd6 17. f3 Bg6 18. Be2 Rfc8 19. e4 Nb4 20. O-O a5
21. Rc4 c5 22. Rfc1 h6 23. a3 Na6 24. Bxa5 Rb5 25. b4 Rcb8 26. Rxc5 Nxc5 27.
Bxb5 Rxb5 28. dxc5 Qc6 29. Qd2 Rb8 30. Qd6 Qb7 31. c6 Qb5 32. c7 Rc8 33. Qd8+
Rxd8 34. cxd8=Q+ Kh7 35. Rc8 Bxe4 36. Qg8+ Kg6 37. Rc7 Qe2 38. Qxf7+ Kg5 39. h4+
Kxh4 40. Qf4+ Kh5 41. Qg4# 1-0

[Event "AUTO-ADV-663"]
[Site "http://www.queenalice.com/game.php?id=278299"]
[Date "2007.9.28"]
[Round "1"]
[White "Manolho"]
[Black "Wecker"]
[Result "1-0"]
[WhiteElo "1960"]
[BlackElo "1534"]

1. d4 d5 2. Nf3 Bf5 3. e3 Nc6 4. c3 Nf6 5. Bd3 e6 6. Bxf5 exf5 7. Nbd2 Bd6 8. c4
dxc4 9. Nxc4 Bb4+ 10. Bd2 Bxd2+ 11. Ncxd2 Qd7 12. Nc4 Ne4 13. O-O O-O 14. Rc1
Rfe8 15. Nce5 Nxe5 16. Nxe5 Qe7 17. Re1 f6 18. Qb3+ Kh8 19. Nf7+ Kg8 20. Nd6+
1-0

[Event "AUTO-ADV-663"]
[Site "http://www.queenalice.com/game.php?id=278300"]
[Date "2007.9.28"]
[Round "1"]
[White "Wecker"]
[Black "Manolho"]
[Result "0-1"]
[WhiteElo "1528"]
[BlackElo "1929"]

1. e4 d6 2. d4 Nf6 3. Nc3 g6 4. Bc4 Bg7 5. e5 dxe5 6. dxe5 Qxd1+ 7. Nxd1 Ng4 8.
Nf3 Nxe5 9. Nxe5 Bxe5 10. Ne3 O-O 11. c3 Nc6 12. Ng4 Bxg4 13. Be3 Na5 0-1

[Event "AUTO-ADV-720"]
[Site "http://www.queenalice.com/game.php?id=307721"]
[Date "2007.11.21"]
[Round "1"]
[White "Ednilson_Aioria"]
[Black "Manolho"]
[Result "0-1"]
[WhiteElo "1937"]
[BlackElo "1997"]

1. e4 d6 2. d4 Nf6 3. Nc3 g6 4. f4 Bg7 5. Nf3 c5 6. d5 O-O 7. Bd3 Na6 8. a3 Nc7
9. O-O e6 10. Re1 exd5 11. exd5 Re8 12. Ng5 Ncxd5 13. Nxd5 Nxd5 14. f5 Rxe1+ 15.
Qxe1 Bxf5 16. Bxf5 gxf5 17. c4 Nb6 18. Qh4 h6 19. Nf3 Qxh4 20. Nxh4 Nxc4 21.
Nxf5 Re8 22. Nxg7 Kxg7 23. b3 Ne3 24. Kf2 Ng4+ 25. Kg3 f5 26. Bf4 d5 27. Rd1 d4
28. b4 b6 29. bxc5 bxc5 30. Rb1 Re7 31. Rb5 Nf6 32. Kf3 Ne4 33. Rb8 Rd7 34. Be5+
Kf7 35. Bf4 c4 36. Rb5 d3 37. Rxf5+ Kg6 38. Kxe4 c3 39. Be3 d2 40. Rf1 d1=Q 41.
Rxd1 Rxd1 42. Bxa7 c2 43. Be3 Re1 0-1

[Event "AUTO-ADV-720"]
[Site "http://www.queenalice.com/game.php?id=307722"]
[Date "2007.11.21"]
[Round "1"]
[White "Manolho"]
[Black "Ednilson_Aioria"]
[Result "1-0"]
[WhiteElo "1982"]
[BlackElo "1952"]

1. d4 d5 2. Nf3 Nc6 3. Bf4 Bf5 4. e3 Nf6 5. c3 h6 6. h3 e6 7. Nbd2 Bd6 8. Ne5
Bxe5 9. dxe5 Nd7 10. Nf3 Qe7 11. Bb5 Be4 12. Bxc6 bxc6 13. O-O O-O 14. Nd4 Rab8
15. Nxc6 Qc5 16. Nxb8 Rxb8 17. Qe2 a5 18. Rac1 Qb6 19. b3 a4 20. b4 a3 21. f3
Bh7 22. Qf2 c5 23. Rfd1 cxb4 24. cxb4 g5 25. Bg3 Qxb4 26. e4 Rb5 27. exd5 Rxd5
28. Rxd5 exd5 29. Rc8+ Nf8 30. Qc5 Qxc5+ 31. Rxc5 d4 32. Ra5 d3 33. Kf1 Bf5 34.
Rxa3 Nd7 35. Ra6 h5 36. Ke1 Kf8 37. a4 h4 38. Bh2 Ke7 39. a5 Be6 40. Rd6 Kd8 41.
a6 1-0

[Event "AUTO-ADV-720"]
[Site "http://www.queenalice.com/game.php?id=307737"]
[Date "2007.11.21"]
[Round "1"]
[White "Manolho"]
[Black "TJ"]
[Result "1-0"]
[WhiteElo "1949"]
[BlackElo "1761"]

1. d4 e6 2. Nf3 Nf6 3. e3 c5 4. Bd3 d5 5. c3 Nc6 6. Nbd2 Bd6 7. O-O O-O 8. dxc5
Bxc5 9. e4 dxe4 10. Nxe4 Nxe4 11. Bxe4 Qb6 12. Bxh7+ Kxh7 13. Ng5+ Kg6 14. Qg4
e5 15. Ne6+ Kf6 16. Bg5+ Kg6 17. Bh4+ Kh6 18. Qxg7+ 1-0

[Event "AUTO-ADV-720"]
[Site "http://www.queenalice.com/game.php?id=307738"]
[Date "2007.11.21"]
[Round "1"]
[White "TJ"]
[Black "Manolho"]
[Result "1/2-1/2"]
[WhiteElo "1753"]
[BlackElo "2011"]

1. d4 d6 2. c4 e5 3. Nc3 exd4 4. Qxd4 Nf6 5. Bg5 Be7 6. e3 Nc6 7. Qd2 O-O 8. Nf3
h6 9. Bh4 Bg4 10. Be2 Ne4 11. Bxe7 Qxe7 12. Nxe4 Qxe4 13. O-O Rfe8 14. Rfe1 Bxf3
15. Bxf3 Qxc4 16. Rec1 Qa6 17. Rc2 Rac8 18. a3 Ne5 19. Be4 Qb6 20. Rac1 c6 21.
Qxd6 Rcd8 22. Qb4 Qxb4 23. axb4 Nd3 24. Bxd3 Rxd3 25. Rc3 Red8 26. Kf1 Kf8 27.
Rxd3 Rxd3 28. Ke1 1/2-1/2

[Event "AUTO-ADV-720"]
[Site "http://www.queenalice.com/game.php?id=307739"]
[Date "2007.11.21"]
[Round "1"]
[White "Manolho"]
[Black "braseiko"]
[Result "1-0"]
[WhiteElo "1925"]
[BlackElo "1544"]

1. d4 g6 2. e4 d6 3. Nc3 Bg7 4. Nf3 Nf6 5. h3 O-O 6. Be3 c6 7. Qd2 Be6 8. Be2
Nbd7 9. a4 d5 10. Ng5 Nxe4 11. Ncxe4 dxe4 12. Nxe6 fxe6 13. h4 Nf6 14. h5 Qb6
15. O-O-O Nd5 16. hxg6 Nb4 17. Rxh7 Rad8 18. Bc4 c5 19. Rxg7+ Kxg7 20. Bh6+ 1-0

[Event "AUTO-ADV-720"]
[Site "http://www.queenalice.com/game.php?id=307740"]
[Date "2007.11.21"]
[Round "1"]
[White "braseiko"]
[Black "Manolho"]
[Result "0-1"]
[WhiteElo "1546"]
[BlackElo "1923"]

1. d4 d6 2. c4 e5 3. e3 Nd7 4. Qc2 g6 5. Nc3 Bg7 6. Nge2 Nb6 7. b3 Ne7 8. g3
exd4 9. exd4 O-O 10. Bg2 Bf5 11. Be4 Bxe4 12. Nxe4 d5 13. Nc5 dxc4 14. O-O cxb3
15. axb3 Qd5 16. Be3 Nf5 17. Nf4 Qc6 18. Rfd1 Rfe8 19. Ng2 Rad8 0-1

[Event "AUTO-ADV-663"]
[Site "http://www.queenalice.com/game.php?id=315513"]
[Date "2007.12.5"]
[Round "2"]
[White "Manolho"]
[Black "dinkoiliev"]
[Result "0-1"]
[WhiteElo "1946"]
[BlackElo "1773"]

1. d4 d5 2. Nf3 Nc6 3. e3 a6 4. c3 Bf5 5. Bd3 Bxd3 6. Qxd3 e6 7. Nbd2 Nf6 8. O-O
Bd6 9. e4 dxe4 10. Nxe4 Nxe4 0-1

[Event "AUTO-ADV-663"]
[Site "http://www.queenalice.com/game.php?id=315514"]
[Date "2007.12.5"]
[Round "2"]
[White "Tessaro"]
[Black "Manolho"]
[Result "0-1"]
[WhiteElo "1868"]
[BlackElo "1970"]

1. e4 d6 2. d4 Nf6 3. Nc3 g6 4. f4 Bg7 5. Nf3 c5 6. e5 Nfd7 7. Bb5 a6 8. Bxd7+
Nxd7 9. Be3 b6 10. Ne2 Bb7 11. O-O Bxf3 12. Rxf3 cxd4 13. Bxd4 dxe5 14. fxe5
Nxe5 15. Bxe5 Bxe5 16. Rd3 Qc7 17. Nc3 Bxh2+ 18. Kh1 Be5 19. Nd5 Qc6 20. Qe2 f6
21. Rad1 Kf7 22. Rf1 Bd6 23. Re1 Rae8 24. Qe6+ Kg7 25. Rf3 Rhf8 26. Rc3 Qb7 27.
Re4 Rc8 28. Rxc8 Qxc8 29. Nxe7 Qxc2 30. Nd5 Qd1+ 31. Re1 Qh5+ 32. Kg1 Bg3 33.
Qd7+ Rf7 34. Re7 Qd1+ 0-1

[Event "AUTO-ADV-663"]
[Site "http://www.queenalice.com/game.php?id=315515"]
[Date "2007.12.5"]
[Round "2"]
[White "Manolho"]
[Black "Tessaro"]
[Result "1-0"]
[WhiteElo "1957"]
[BlackElo "1873"]

1. d4 c5 2. e3 cxd4 3. exd4 d5 4. Nf3 Bg4 5. c3 Nf6 6. Nbd2 e6 7. Qa4+ Qd7 8.
Bb5 Nc6 9. Ne5 Qc7 10. Nxc6 e5 11. Nxe5+ Kd8 12. O-O Bd6 13. Nxg4 Nxg4 14. h3 h5
15. Nf3 f5 16. hxg4 hxg4 17. Ne5 Qe7 18. Bg5 Qxg5 19. Nf7+ Ke7 20. Nxg5 Bh2+ 21.
Kh1 Bf4+ 22. Nh3 gxh3 23. g3 Bd6 24. Rae1+ Kf6 25. Bd7 1-0